• 首页
  • 本馆介绍
  • 公告通知
  • 最新文献
  • 馆藏检索
  • 电子资源
  • 读者导购
  • 参考咨询
  • 我的图书馆
  • 登录
  • 详细信息显示
  • 放入我的书架
  • 预约/预借图书
  • 作者相关作品
  • 分类相关作品
  • 丛书相关作品
  • 出版社相关作品

书目信息

  • 表格格式
  • 工作单格式
  • 卡片格式
题名:
领导激励
    
 
作者: 袁书杰 著
分册:  
出版信息: 北京   研究出版社  2017
页数: 260页
开本: 24cm
丛书名: 领导力系列丛书
单 册:
中图分类: C933.2 , C936
科图分类:
主题词: 激励--ji li--领导方法
电子资源:
ISBN: 978-7-5199-0019-9
000 01009nam0 22002651 450
001 0119165232
005 20170619165232.0
010    @a978-7-5199-0019-9@dCNY42.00
100    @a20170224d2017 em y0chiy50 ea
101 0  @achi
102    @aCN@b110000
105    @ay z 000yy
106    @ar
200 1  @a领导激励@9ling dao ji li@f袁书杰著
210    @a北京@c研究出版社@d2017
215    @a260页@d24cm
225 2  @a领导力系列丛书@9ling dao li xi lie cong shu@i中国领导力提升系列@f胡月星主编
330    @a在竞争越来越激烈的现代社会,激励已经逐渐成为领导者常用的管理形式,无论是党政机关的领导者,还是企、事业单位的领导者,拥有一套高超的激励艺术,能充分调动下属工作的积极性与创造性,达到事半功倍的效果。作为一个组织的领导者,要想顺利地达到目标,就要善于运用激励控制艺术。
461  0 @12001 @a领导力系列丛书
606 0  @a激励@9ji li@x领导方法
690    @aC933.2@v5
690    @aC936@v5
701  0 @a袁书杰@9yuan shu jie@4著
801  0 @aCN@b百万庄@c20170616
905    @b1010637-42@dC933.2@e579@f6
    
    领导激励/袁书杰著 .-北京:研究出版社,2017
    260页;24cm.-(领导力系列丛书.中国领导力提升系列/胡月星主编)
    
    
    ISBN 978-7-5199-0019-9:CNY42.00
    在竞争越来越激烈的现代社会,激励已经逐渐成为领导者常用的管理形式,无论是党政机关的领导者,还是企、事业单位的领导者,拥有一套高超的激励艺术,能充分调动下属工作的积极性与创造性,达到事半功倍的效果。作为一个组织的领导者,要想顺利地达到目标,就要善于运用激励控制艺术。
●
相关链接 在E读中查询图书 在五车中查询图书 在当当中查询图书 在豆瓣中查询图书


正题名:领导激励     索取号:C933.2/579         预约/预借

序号 登录号 条形码 馆藏地/架位号 状态 备注
1 1010637   210106375   第一样本阅览室/ [索取号:C933.2/579] 在馆    
2 1010638   210106384   教育系资料室/ [索取号:C933.2/579] 在馆    
3 1010639   210106393   教育系资料室/ [索取号:C933.2/579] 在馆    
4 1010640   210106400   教育系资料室/ [索取号:C933.2/579] 在馆    
5 1010641   210106419   第一借阅区/ [索取号:C933.2/579] 在馆    
6 1010642   210106428   第一借阅区/ [索取号:C933.2/579] 在馆    
唐山师范学院图书馆 欢迎您!
大连网信软件有限公司© 版权所有